000
00350nam a2200133Ia 4500
008
100328s9999 xx 000 0 und d
082
_b
41513
100
_a
कामत सुमेधा
245
_a
रानभूल
260
_b
इंद्रायणी
630
_a
रानभूल
730
_a
रानभूल
942
_c
BOOK
999
_c
530096
_d
530093